Ładuje się......

The devotional poems of Mirabai/

Opis bibliograficzny
1. autor: Mirabai
Kolejni autorzy: Alston,A.J (Tłumacz)
Format: Printed Book
Język:English
Wydane: Delhi: Motilal Banarasidas, 1980.
LEADER 00501nam a2200133Ia 4500
008 111205s9999 xx 000 0 eng d
100 |a Mirabai 
245 |a The devotional poems of Mirabai/  |c Mirabai 
260 |b Motilal Banarasidas,  |a Delhi:  |c 1980. 
300 |a 144p. 
700 |a Alston,A.J.  |e Translator 
942 |c BK  |2 ddc 
999 |c 215940  |d 215940 
952 |0 0  |1 0  |4 0  |6 E_891_000000000000000_431M1_ALS_D  |7 0  |9 238734  |a MAL  |b MAL  |c ST1  |d 1972-07-21  |g 30.00  |l 0  |o E 891.431M1 ALS/D  |p MAL20429  |r 2011-12-05  |v 30.00  |w 2018-08-20  |y BK